FC Bayern Rückennummerhistorie #22 - Statistiken

Allgemein
  • Dieses Quiz wurde 12 mal gespielt
  • Das Durchschnittsergebnis liegt bei 4 aus 10
Antwortstatistiken
Jahr(e) Spieler % Korrekt
seit 2023/24 Raphael Guerreiro
89%
2018-2020 Serge Gnabry
78%
2022/23 Joao Cancelo
44%
2011/12 Hans Jörg Butt
33%
2012-2018 Tom Starke
33%
1996-2003 Bernd Dreher
22%
2020-2022 Marc Roca
22%
2003-2008 Michael Rensing
22%
1975/76 Hugo Robl
11%
1995/96 Tomas Tomic
11%
Keine übereinstimmenden Quizze gefunden
Verteilung der Resultate
Anzahl Personen mit jedem Resultat
Perzentil nach korrekt beantworteten Fragen
Ihre Resultats-Entwicklung
Sie haben dieses Quiz noch nicht gespielt